00553 a2200181 4500003000500000005001700005040000900022082001000031100002600041245009000067260003700157300001200194650001600206651001900222942000800241999001900249952010300268Nust20170207171856.0 cNust a005.1 aAbbas, Zohair BESE-18 aUni -Miner (Hard / Soft-copy)cZohair Abbas, Danish Iqbal Shaik, Aqeel Ahmed Shaikh  aMCS, NUSTbRawalpindicJune 2016 ax, 92 p aUG Projects aUG CSE Project cPRG c219400d219400 00102ddc40708NFICaMCSbMCSd2016-12-12l0o005.1 ABBpMCSPCS-286r2016-12-08w2016-12-12yBK